The rise of the Atlantic economies. (Record no. 168491)
[ view plain ]
| 000 -LEADER | |
|---|---|
| fixed length control field | 00646cam1a220021700 4500 |
| 001 - CONTROL NUMBER | |
| control field | zam00002363 |
| 008 - FIXED-LENGTH DATA ELEMENTS--GENERAL INFORMATION | |
| fixed length control field | 951128s1973 xx eng u |
| 035 ## - SYSTEM CONTROL NUMBER | |
| System control number | (Sirsi) r19739 |
| 035 ## - SYSTEM CONTROL NUMBER | |
| System control number | (MACHINE)SLC. |
| 100 1# - MAIN ENTRY--PERSONAL NAME | |
| Personal name | Davis, R. (Russ E.) |
| Fuller form of name | Davis, R. (Russ E.) |
| Linkage | A80735.1 |
| 245 14 - TITLE STATEMENT | |
| Title | The rise of the Atlantic economies. |
| 260 ## - PUBLICATION, DISTRIBUTION, ETC. | |
| Date of publication, distribution, etc. | 1973. |
| 591 ## - | |
| -- | Class code: H 240. |
| 591 ## - | |
| -- | Course: Studies in the growth of capitalism. |
| 591 ## - | |
| -- | School: S05. |
| 591 ## - | |
| -- | Lecturer: Dr. KALIKITI, W.S. |
| 591 ## - | |
| -- | Number of Students: 12. |
| 949 ## - LOCAL PROCESSING INFORMATION (OCLC) | |
| a | HC240 |
| w | lcc |
| m | MAIN |
| p | 2500 |
| t | SHORTLOAN |
| l | SHORTLOAN |
| 909 ## - | |
| -- | Book |
No items available.